[Event "Moscow Open 2016 B"]
[Site "?"]
[Date "2016.02.03"]
[Round "5.20"]
[White "Bodnaruk, Anastasia"]
[Black "Osmak, Iulija"]
[Result "1-0"]
[BlackElo "2343"]
[WhiteElo "2453"]
[LiveChessVersion "1.4.7"]

1. e4 {[%clk 1:30:58]} d6 {[%clk 1:30:50]} 2. d4 {[%clk 1:31:22]} Nf6
{[%clk 1:31:16]} 3. Nc3 {[%clk 1:31:47]} e5 {[%clk 1:31:41]} 4. Nf3
{[%clk 1:31:58]} Nbd7 {[%clk 1:32:03]} 5. Bc4 {[%clk 1:32:22]} Be7
{[%clk 1:32:25]} 6. O-O {[%clk 1:32:43]} O-O {[%clk 1:32:38]} 7. Re1
{[%clk 1:32:37]} c6 {[%clk 1:32:50]} 8. a4 {[%clk 1:32:33]} exd4 {[%clk 1:33:09]}
9. Nxd4 {[%clk 1:32:28]} Ne5 {[%clk 1:33:32]} 10. Bb3 {[%clk 1:30:39]} Re8
{[%clk 1:33:32]} 11. h3 {[%clk 1:28:06]} Bd7 {[%clk 1:27:29]} 12. f4
{[%clk 1:19:53]} Ng6 {[%clk 1:27:24]} 13. Nf3 {[%clk 1:19:10]} Be6
{[%clk 1:22:11]} 14. Bxe6 {[%clk 1:10:21]} fxe6 {[%clk 1:22:37]} 15. Ng5
{[%clk 1:09:56]} Nf8 {[%clk 1:20:09]} 16. Be3 {[%clk 1:07:01]} d5
{[%clk 1:11:12]} 17. e5 {[%clk 0:57:53]} N6d7 {[%clk 1:03:38]} 18. Nf3
{[%clk 0:58:16]} Bb4 {[%clk 0:59:00]} 19. Bd2 {[%clk 0:47:36]} Ng6
{[%clk 0:53:22]} 20. g3 {[%clk 0:46:02]} Bxc3 {[%clk 0:49:18]} 21. Bxc3
{[%clk 0:45:11]} Nc5 {[%clk 0:49:38]} 22. Nd2 {[%clk 0:38:29]} a5
{[%clk 0:42:54]} 23. Bd4 {[%clk 0:37:48]} Qe7 {[%clk 0:41:17]} 24. Qf3
{[%clk 0:32:10]} Rf8 {[%clk 0:39:28]} 25. Qe3 {[%clk 0:22:16]} b6
{[%clk 0:34:24]} 26. Bxc5 {[%clk 0:21:05]} bxc5 {[%clk 0:34:08]} 27. c4
{[%clk 0:18:42]} Rfb8 {[%clk 0:28:41]} 28. b3 {[%clk 0:18:42]} Rf8
{[%clk 0:27:55]} 29. Rac1 {[%clk 0:15:57]} Rac8 {[%clk 0:27:32]} 30. Rc2
{[%clk 0:15:21]} Rc7 {[%clk 0:22:51]} 31. Rec1 {[%clk 0:15:38]} Rfc8
{[%clk 0:18:24]} 32. Nb1 {[%clk 0:11:43]} Nf8 {[%clk 0:17:56]} 33. cxd5
{[%clk 0:10:34]} cxd5 {[%clk 0:18:20]} 34. Na3 {[%clk 0:10:49]} c4
{[%clk 0:07:56]} 35. bxc4 {[%clk 0:10:12]} dxc4 {[%clk 0:05:38]} 36. Nb5
{[%clk 0:09:10]} Rc5 {[%clk 0:04:09]} 37. Nd6 {[%clk 0:09:24]} R8c6
{[%clk 0:03:55]} 38. Rc3 {[%clk 0:03:28]} Nd7 {[%clk 0:03:14]} 39. Ne4
{[%clk 0:01:38]} Rd5 {[%clk 0:03:40]} 40. Rxc4 {[%clk 0:31:50]} Rxc4
{[%clk 0:32:33]} 41. Rxc4 {[%clk 0:30:48]} Rd1+ {[%clk 0:29:10]} 42. Kg2
{[%clk 0:28:17]} Nf8 {[%clk 0:28:36]} 43. Nd6 {[%clk 0:24:40]} Ra1
{[%clk 0:23:50]} 44. h4 {[%clk 0:21:42]} Rb1 {[%clk 0:14:37]} 45. Rc8
{[%clk 0:15:45]} Qd7 {[%clk 0:13:14]} 46. Qc5 {[%clk 0:14:56]} g5
{[%clk 0:10:00]} 47. Ne4 {[%clk 0:08:19]} Rb2+ {[%clk 0:09:14]} 48. Kh3
{[%clk 0:08:33]} g4+ {[%clk 0:07:51]} 49. Kxg4 {[%clk 0:09:01]} h5+
{[%clk 0:06:32]} 50. Kh3 {[%clk 0:09:14]} Qf7 {[%clk 0:03:23]} 51. Nf6+
{[%clk 0:09:18]} Kg7 {[%clk 0:03:48]} 52. Rc7 {[%clk 0:09:15]} Nd7
{[%clk 0:02:46]} 53. Rxd7 {[%clk 0:09:26]} Kh8 {[%clk 0:03:07]} 54. Qc8+
{[%clk 0:09:49]} 1-0

[Event "Moscow Open 2016 B"]
[Site "?"]
[Date "2016.02.03"]
[Round "5.21"]
[White "Kovanova, Baira"]
[Black "Semenova, Elena"]
[Result "1-0"]
[BlackElo "2207"]
[WhiteElo "2381"]
[LiveChessVersion "1.4.7"]

1. e4 {[%clk 1:30:58]} e5 {[%clk 1:30:42]} 2. Bc4 {[%clk 1:31:05]} Nf6
{[%clk 1:30:53]} 3. d3 {[%clk 1:31:29]} Nc6 {[%clk 1:30:10]} 4. Nf3
{[%clk 1:31:46]} Be7 {[%clk 1:30:06]} 5. O-O {[%clk 1:32:08]} O-O
{[%clk 1:29:24]} 6. Re1 {[%clk 1:32:25]} d6 {[%clk 1:29:27]} 7. a4
{[%clk 1:32:33]} Kh8 {[%clk 1:26:42]} 8. h3 {[%clk 1:31:27]} Ng8 {[%clk 1:25:26]}
9. Nc3 {[%clk 1:30:42]} f5 {[%clk 1:25:17]} 10. Nd5 {[%clk 1:29:50]} Bf6
{[%clk 1:24:37]} 11. b4 {[%clk 1:22:53]} a6 {[%clk 1:20:49]} 12. c3
{[%clk 1:18:48]} Nce7 {[%clk 0:50:47]} 13. Nxf6 {[%clk 1:13:30]} Rxf6
{[%clk 0:41:53]} 14. Ng5 {[%clk 0:56:17]} Nh6 {[%clk 0:32:32]} 15. d4
{[%clk 0:48:38]} Ng6 {[%clk 0:29:42]} 16. Bb3 {[%clk 0:43:51]} f4
{[%clk 0:27:20]} 17. c4 {[%clk 0:39:49]} Rf8 {[%clk 0:22:48]} 18. Nf3
{[%clk 0:38:25]} Nf7 {[%clk 0:21:06]} 19. c5 {[%clk 0:24:31]} Ng5
{[%clk 0:20:48]} 20. Nh2 {[%clk 0:22:01]} dxc5 {[%clk 0:16:14]} 21. dxc5
{[%clk 0:16:39]} Be6 {[%clk 0:07:52]} 22. Bxe6 {[%clk 0:15:01]} Nxe6
{[%clk 0:07:52]} 23. Bb2 {[%clk 0:15:05]} Qe7 {[%clk 0:06:53]} 24. Qh5
{[%clk 0:13:10]} Nd4 {[%clk 0:03:48]} 25. Bxd4 {[%clk 0:11:45]} exd4
{[%clk 0:04:14]} 26. Nf3 {[%clk 0:11:55]} Rad8 {[%clk 0:03:33]} 27. Rad1
{[%clk 0:08:09]} d3 {[%clk 0:03:58]} 28. e5 {[%clk 0:08:09]} c6 {[%clk 0:02:34]}
29. Rxd3 {[%clk 0:06:16]} Rxd3 {[%clk 0:02:32]} 30. Ng5 {[%clk 0:06:45]} h6
{[%clk 0:01:16]} 31. Qxg6 {[%clk 0:07:09]} Qxg5 {[%clk 0:01:38]} 32. Qxd3
{[%clk 0:07:34]} f3 {[%clk 0:00:44]} 33. g3 {[%clk 0:07:58]} Qe7 {[%clk 0:00:41]}
34. e6 {[%clk 0:07:20]} Qf6 {[%clk 0:00:32]} 35. e7 {[%clk 0:07:02]} Re8
{[%clk 0:00:54]} 36. Qd7 {[%clk 0:06:45]} Qg6 {[%clk 0:00:50]} 37. Qxb7
{[%clk 0:05:35]} Kh7 {[%clk 0:00:53]} 38. Qd7 {[%clk 0:04:56]} h5
{[%clk 0:00:33]} 39. h4 {[%clk 0:03:45]} 1-0

[Event "Moscow Open 2016 B"]
[Site "?"]
[Date "2016.02.03"]
[Round "5.23"]
[White "Tokhirjonova, Gulrukhbegim"]
[Black "Soumya, Swaminathan"]
[Result "0-1"]
[BlackElo "2345"]
[WhiteElo "2188"]
[LiveChessVersion "1.4.7"]

1. d4 {[%clk 1:30:22]} Nf6 {[%clk 1:30:46]} 2. Bf4 {[%clk 1:30:35]} d5
{[%clk 1:27:45]} 3. e3 {[%clk 1:30:31]} g6 {[%clk 1:26:16]} 4. Nd2
{[%clk 1:27:55]} Bg7 {[%clk 1:26:18]} 5. Be2 {[%clk 1:27:09]} O-O
{[%clk 1:24:39]} 6. Ngf3 {[%clk 1:25:24]} Nbd7 {[%clk 1:19:04]} 7. h3
{[%clk 1:24:03]} b6 {[%clk 1:17:40]} 8. O-O {[%clk 1:22:55]} Bb7 {[%clk 1:18:02]}
9. a4 {[%clk 1:19:10]} a5 {[%clk 1:13:51]} 10. c4 {[%clk 1:15:46]} c5
{[%clk 1:09:12]} 11. Qb3 {[%clk 1:12:12]} Re8 {[%clk 0:58:03]} 12. Rfe1
{[%clk 1:07:50]} Rc8 {[%clk 0:43:10]} 13. Rac1 {[%clk 1:05:23]} e6
{[%clk 0:43:27]} 14. Bg3 {[%clk 1:00:15]} Qe7 {[%clk 0:39:19]} 15. Bf1
{[%clk 0:47:58]} Bf8 {[%clk 0:36:09]} 16. Bh4 {[%clk 0:38:40]} cxd4
{[%clk 0:29:30]} 17. exd4 {[%clk 0:35:22]} Qb4 {[%clk 0:29:57]} 18. Qxb4
{[%clk 0:29:05]} Bxb4 {[%clk 0:30:24]} 19. Red1 {[%clk 0:28:49]} Ne4
{[%clk 0:21:33]} 20. Nxe4 {[%clk 0:24:15]} dxe4 {[%clk 0:22:01]} 21. Ne1
{[%clk 0:21:56]} e5 {[%clk 0:21:20]} 22. Nc2 {[%clk 0:21:03]} Bf8
{[%clk 0:20:10]} 23. dxe5 {[%clk 0:18:24]} Nxe5 {[%clk 0:20:36]} 24. Ne3
{[%clk 0:17:58]} h6 {[%clk 0:16:22]} 25. Nd5 {[%clk 0:14:56]} Re6
{[%clk 0:16:41]} 26. Bg3 {[%clk 0:14:45]} Bc5 {[%clk 0:17:08]} 27. Bf4
{[%clk 0:13:17]} Kg7 {[%clk 0:17:00]} 28. Bd2 {[%clk 0:13:04]} Bc6
{[%clk 0:13:32]} 29. b3 {[%clk 0:13:19]} f5 {[%clk 0:13:43]} 30. Bc3
{[%clk 0:12:17]} Kf7 {[%clk 0:13:28]} 31. Be2 {[%clk 0:11:57]} g5
{[%clk 0:12:38]} 32. Kf1 {[%clk 0:08:30]} Kg6 {[%clk 0:10:30]} 33. Ra1
{[%clk 0:07:28]} h5 {[%clk 0:07:34]} 34. b4 {[%clk 0:07:20]} axb4
{[%clk 0:07:56]} 35. Nxb4 {[%clk 0:06:34]} Bb7 {[%clk 0:07:19]} 36. a5
{[%clk 0:05:55]} Bxb4 {[%clk 0:06:39]} 37. Bxb4 {[%clk 0:05:45]} bxa5
{[%clk 0:07:07]} 38. Rxa5 {[%clk 0:05:53]} Nxc4 {[%clk 0:07:31]} 39. Ra7
{[%clk 0:04:25]} Rb6 {[%clk 0:07:39]} 40. Be7 {[%clk 0:34:00]} e3
{[%clk 0:35:01]} 41. Ra2 {[%clk 0:23:00]} Nd2+ {[%clk 0:33:05]} 42. Kg1
{[%clk 0:17:32]} exf2+ {[%clk 0:29:00]} 43. Kh2 {[%clk 0:17:22]} Ne4
{[%clk 0:29:07]} 44. Bd8 {[%clk 0:15:00]} Rb3 {[%clk 0:21:57]} 45. Ba5
{[%clk 0:14:29]} g4 {[%clk 0:22:03]} 46. h4 {[%clk 0:10:36]} Nc3 {[%clk 0:16:41]}
47. Bxc3 {[%clk 0:10:18]} Rcxc3 {[%clk 0:16:55]} 48. Bf1 {[%clk 0:10:07]} Rh3+
{[%clk 0:17:08]} 0-1

[Event "Moscow Open 2016 B"]
[Site "?"]
[Date "2016.02.03"]
[Round "5.24"]
[White "Galojan, Lilit"]
[Black "Nechaeva, Marina"]
[Result "1-0"]
[BlackElo "2438"]
[WhiteElo "2295"]
[LiveChessVersion "1.4.7"]

1. c4 {[%clk 1:30:51]} c6 {[%clk 1:30:55]} 2. Nf3 {[%clk 1:31:11]} d5
{[%clk 1:31:19]} 3. g3 {[%clk 1:31:31]} Nf6 {[%clk 1:31:26]} 4. Bg2
{[%clk 1:31:25]} dxc4 {[%clk 1:31:13]} 5. O-O {[%clk 1:31:30]} Nbd7 6. Na3
{[%clk 1:31:03]} Nb6 {[%clk 1:31:49]} 7. Qc2 {[%clk 1:31:13]} g6 {[%clk 1:32:13]}
8. Nxc4 {[%clk 1:31:02]} Nxc4 {[%clk 1:32:38]} 9. Qxc4 {[%clk 1:31:22]} Bg7
{[%clk 1:33:28]} 10. d3 {[%clk 1:23:54]} O-O {[%clk 1:29:12]} 11. Qc2
{[%clk 1:15:31]} Nd5 12. a3 a5 {[%clk 1:20:27]} 13. e4 {[%clk 1:08:08]} Nc7
{[%clk 1:20:39]} 14. Be3 Nb5 {[%clk 0:53:05]} 15. d4 {[%clk 0:56:12]} Bg4
{[%clk 0:51:23]} 16. Ne5 {[%clk 0:54:46]} Be6 {[%clk 0:51:49]} 17. Rfd1
{[%clk 0:51:31]} a4 18. Qe2 {[%clk 0:39:51]} Bb3 {[%clk 0:51:22]} 19. Rd2
{[%clk 0:39:53]} Nd6 20. h4 {[%clk 0:31:26]} f6 {[%clk 0:37:08]} 21. Ng4 Nc4
{[%clk 0:27:12]} 22. Rd3 {[%clk 0:31:30]} Nxe3 {[%clk 0:27:38]} 23. Nxe3 f5
{[%clk 0:19:32]} 24. exf5 {[%clk 0:28:15]} gxf5 25. d5 {[%clk 0:21:53]} cxd5
{[%clk 0:13:27]} 26. Bxd5+ {[%clk 0:21:39]} Bxd5 {[%clk 0:13:51]} 27. Nxd5
{[%clk 0:18:04]} e5 {[%clk 0:08:43]} 28. Rc1 {[%clk 0:18:21]} e4 {[%clk 0:05:53]}
29. Rdd1 {[%clk 0:14:21]} Ra5 {[%clk 0:06:17]} 30. Qc4 {[%clk 0:06:55]} Kh8
{[%clk 0:06:43]} 31. Nf4 {[%clk 0:04:45]} Qe7 {[%clk 0:07:05]} 32. Qc7
{[%clk 0:04:58]} Qxc7 {[%clk 0:03:08]} 33. Rxc7 Be5 {[%clk 0:01:12]} 34. Rxb7
{[%clk 0:05:12]} Bxf4 {[%clk 0:01:39]} 35. gxf4 {[%clk 0:05:37]} Ra6
{[%clk 0:02:03]} 36. Rd5 {[%clk 0:04:35]} Rh6 {[%clk 0:02:19]} 37. Rbb5
{[%clk 0:04:59]} Rxh4 {[%clk 0:01:54]} 38. Rxf5 {[%clk 0:05:24]} Rxf5
{[%clk 0:00:36]} 39. Rxf5 {[%clk 0:05:52]} Rh3 {[%clk 0:00:55]} 40. Ra5
{[%clk 0:31:05]} Rb3 {[%clk 0:31:14]} 41. Rxa4 {[%clk 0:26:39]} Rxb2
{[%clk 0:31:41]} 42. Rxe4 {[%clk 0:23:34]} Kg7 {[%clk 0:31:44]} 43. Re6
{[%clk 0:20:22]} Rb3 {[%clk 0:32:01]} 44. Re3 {[%clk 0:18:14]} Rb1+
{[%clk 0:32:20]} 45. Kg2 {[%clk 0:18:35]} Ra1 {[%clk 0:32:01]} 46. Kf3
{[%clk 0:17:25]} Kf6 {[%clk 0:30:48]} 47. Rb3 {[%clk 0:17:44]} h5
{[%clk 0:30:14]} 48. Rb6+ {[%clk 0:17:32]} Kf5 {[%clk 0:30:33]} 49. Rb5+
{[%clk 0:17:09]} Kg6 {[%clk 0:29:22]} 50. Rg5+ {[%clk 0:17:32]} Kh6
{[%clk 0:28:57]} 51. Ra5 {[%clk 0:17:56]} Rg1 52. Ra6+ {[%clk 0:11:54]} Kh7
{[%clk 0:29:09]} 53. f5 {[%clk 0:12:08]} h4 {[%clk 0:29:27]} 54. Ra4
{[%clk 0:12:02]} Rh1 {[%clk 0:29:43]} 55. Kg2 {[%clk 0:11:48]} 1-0

[Event "Moscow Open 2016 B"]
[Site "?"]
[Date "2016.02.03"]
[Round "5.25"]
[White "Alekseeva, Irina"]
[Black "Tsolakidou, Stavroula"]
[Result "0-1"]
[BlackElo "2338"]
[WhiteElo "2119"]
[LiveChessVersion "1.4.7"]

1. d4 {[%clk 1:29:14]} Nf6 {[%clk 1:30:47]} 2. Nf3 {[%clk 1:29:27]} e6
{[%clk 1:31:04]} 3. e3 {[%clk 1:29:53]} b6 {[%clk 1:30:29]} 4. Bd3
{[%clk 1:29:58]} Bb7 {[%clk 1:30:41]} 5. O-O {[%clk 1:30:16]} c5 {[%clk 1:30:24]}
6. b3 {[%clk 1:30:23]} cxd4 {[%clk 1:28:40]} 7. exd4 {[%clk 1:30:34]} Be7
{[%clk 1:28:15]} 8. Bb2 {[%clk 1:27:55]} O-O {[%clk 1:27:14]} 9. Nbd2
{[%clk 1:24:24]} Nc6 {[%clk 1:24:28]} 10. a3 {[%clk 1:21:00]} Nd5
{[%clk 1:03:34]} 11. Re1 {[%clk 1:18:18]} Nf4 {[%clk 0:56:49]} 12. Bf1
{[%clk 1:18:13]} d5 {[%clk 0:50:05]} 13. g3 {[%clk 1:15:21]} Nh5 {[%clk 0:43:41]}
14. Ne5 {[%clk 1:13:30]} Nf6 {[%clk 0:43:36]} 15. Bg2 {[%clk 1:13:36]} Rc8
{[%clk 0:40:40]} 16. Rc1 {[%clk 1:11:59]} Rc7 {[%clk 0:29:20]} 17. f4
{[%clk 1:05:48]} Ne8 {[%clk 0:25:58]} 18. Ndf3 {[%clk 1:04:01]} Nd6
{[%clk 0:25:23]} 19. Qe2 {[%clk 0:58:47]} Na5 {[%clk 0:23:45]} 20. Nd2
{[%clk 0:55:44]} Qc8 {[%clk 0:22:19]} 21. Nb1 {[%clk 0:49:26]} Ba6
{[%clk 0:19:45]} 22. Qd2 {[%clk 0:46:08]} Bb5 {[%clk 0:17:08]} 23. Nc3
{[%clk 0:44:29]} Be8 {[%clk 0:16:06]} 24. g4 {[%clk 0:43:16]} f6 {[%clk 0:13:07]}
25. Nd3 {[%clk 0:43:28]} Ndc4 {[%clk 0:13:00]} 26. bxc4 {[%clk 0:43:20]} Nxc4
{[%clk 0:13:26]} 27. Qe2 {[%clk 0:42:11]} Nxb2 {[%clk 0:13:45]} 28. Nxd5
{[%clk 0:28:42]} exd5 {[%clk 0:12:23]} 29. Bxd5+ {[%clk 0:28:27]} Kh8
{[%clk 0:04:28]} 30. Nxb2 {[%clk 0:26:04]} Bxa3 {[%clk 0:04:20]} 31. Nc4
{[%clk 0:19:30]} Bxc1 {[%clk 0:02:55]} 32. Nd6 {[%clk 0:19:15]} Qd8
{[%clk 0:02:18]} 33. Nxe8 {[%clk 0:19:28]} Rc8 {[%clk 0:02:21]} 34. Rxc1
{[%clk 0:18:55]} Qxd5 {[%clk 0:02:20]} 0-1

[Event "Moscow Open 2016 B"]
[Site "?"]
[Date "2016.02.04"]
[Round "6.19"]
[White "Bodnaruk, Anastasia"]
[Black "Obolentseva, Alexandra"]
[Result "1-0"]
[BlackElo "2194"]
[WhiteElo "2453"]
[LiveChessVersion "1.4.7"]

1. e4 {[%clk 1:30:58]} c5 {[%clk 1:30:55]} 2. Nf3 {[%clk 1:31:24]} d6
{[%clk 1:31:19]} 3. d4 {[%clk 1:31:51]} cxd4 {[%clk 1:31:43]} 4. Nxd4
{[%clk 1:32:18]} Nf6 {[%clk 1:32:05]} 5. Nc3 {[%clk 1:32:45]} a6 {[%clk 1:32:28]}
6. Be2 {[%clk 1:33:04]} e6 {[%clk 1:32:45]} 7. f4 {[%clk 1:33:14]} Nbd7
{[%clk 1:32:19]} 8. Bf3 {[%clk 1:27:49]} Be7 {[%clk 1:30:51]} 9. O-O
{[%clk 1:28:08]} Qc7 {[%clk 1:30:30]} 10. Qe1 {[%clk 1:22:43]} O-O
{[%clk 1:30:47]} 11. Kh1 {[%clk 1:21:55]} Rb8 {[%clk 1:24:18]} 12. a4
{[%clk 1:12:31]} Ne8 {[%clk 1:21:05]} 13. Be3 {[%clk 1:06:38]} Nb6
{[%clk 1:14:42]} 14. b3 {[%clk 1:01:04]} Bd7 {[%clk 1:07:39]} 15. a5
{[%clk 0:58:15]} Nc8 {[%clk 1:07:22]} 16. g4 {[%clk 0:46:55]} Bc6
{[%clk 1:02:17]} 17. g5 {[%clk 0:43:58]} Bd8 {[%clk 0:59:35]} 18. Bg2
{[%clk 0:33:42]} Ne7 {[%clk 0:55:54]} 19. f5 {[%clk 0:26:49]} e5 {[%clk 0:52:21]}
20. Nxc6 {[%clk 0:21:58]} bxc6 {[%clk 0:50:30]} 21. Qe2 {[%clk 0:21:27]} Qb7
{[%clk 0:43:45]} 22. Qh5 {[%clk 0:19:00]} Qb4 {[%clk 0:34:55]} 23. Bd2
{[%clk 0:15:14]} d5 {[%clk 0:31:07]} 24. f6 {[%clk 0:09:27]} gxf6
{[%clk 0:27:12]} 25. Rf3 {[%clk 0:06:31]} fxg5 {[%clk 0:27:26]} 26. Nxd5
{[%clk 0:05:22]} Qd4 {[%clk 0:22:24]} 27. Bc3 {[%clk 0:04:35]} Qxe4
{[%clk 0:22:30]} 28. Rxf7 {[%clk 0:03:19]} Qxc2 {[%clk 0:19:03]} 29. Raf1
{[%clk 0:02:32]} 1-0

[Event "Moscow Open 2016 B"]
[Site "?"]
[Date "2016.02.04"]
[Round "6.20"]
[White "Soumya, Swaminathan"]
[Black "Kovanova, Baira"]
[Result "1/2-1/2"]
[BlackElo "2381"]
[WhiteElo "2345"]
[LiveChessVersion "1.4.7"]

1. e4 {[%clk 1:29:02]} e5 {[%clk 1:30:51]} 2. Nf3 {[%clk 1:29:08]} Nc6
{[%clk 1:31:15]} 3. Bb5 {[%clk 1:29:21]} a6 {[%clk 1:31:41]} 4. Ba4
{[%clk 1:29:47]} Nf6 {[%clk 1:32:05]} 5. O-O {[%clk 1:30:13]} Be7
{[%clk 1:32:24]} 6. Re1 {[%clk 1:30:40]} b5 {[%clk 1:32:47]} 7. Bb3
{[%clk 1:31:07]} d6 {[%clk 1:33:09]} 8. c3 {[%clk 1:31:29]} O-O {[%clk 1:33:12]}
9. h3 {[%clk 1:31:55]} Bb7 {[%clk 1:31:49]} 10. d4 {[%clk 1:32:14]} Re8
{[%clk 1:31:04]} 11. Nbd2 {[%clk 1:32:26]} exd4 {[%clk 1:27:55]} 12. cxd4
{[%clk 1:32:48]} Na5 {[%clk 1:27:58]} 13. Bc2 {[%clk 1:32:09]} c5
{[%clk 1:28:08]} 14. e5 {[%clk 1:24:03]} dxe5 {[%clk 1:24:47]} 15. dxe5
{[%clk 1:23:57]} Nd5 {[%clk 1:24:17]} 16. Bb1 {[%clk 1:10:17]} Nf4
{[%clk 1:06:12]} 17. Qc2 {[%clk 1:08:46]} Ng6 {[%clk 1:04:17]} 18. Ne4
{[%clk 1:03:51]} Nc6 {[%clk 0:58:12]} 19. b3 {[%clk 0:40:07]} Qd5
{[%clk 0:53:07]} 20. Bb2 {[%clk 0:37:09]} Rad8 {[%clk 0:50:22]} 21. Nc3
{[%clk 0:26:14]} Qe6 {[%clk 0:44:18]} 22. Ne2 {[%clk 0:24:47]} Nb4
{[%clk 0:41:55]} 23. Qc3 {[%clk 0:25:08]} Bxf3 {[%clk 0:31:58]} 24. Qxf3
{[%clk 0:25:13]} Nxe5 {[%clk 0:25:35]} 25. Qg3 {[%clk 0:22:28]} Bf6
{[%clk 0:23:11]} 26. Bc3 {[%clk 0:20:44]} Nec6 {[%clk 0:10:20]} 27. Be4
{[%clk 0:18:32]} Qd6 {[%clk 0:05:43]} 28. Bxf6 {[%clk 0:15:58]} Qxf6
{[%clk 0:05:25]} 29. Nc3 {[%clk 0:16:23]} Nd4 {[%clk 0:04:47]} 30. Rad1
{[%clk 0:15:43]} g6 {[%clk 0:04:27]} 31. a3 {[%clk 0:11:29]} Nbc6
{[%clk 0:04:28]} 32. Nd5 {[%clk 0:11:04]} Qd6 {[%clk 0:03:02]} 33. Qh4
{[%clk 0:05:51]} Kg7 {[%clk 0:02:31]} 34. Ne3 {[%clk 0:05:45]} Qf6
{[%clk 0:01:36]} 35. Qxf6+ {[%clk 0:04:35]} Kxf6 {[%clk 0:02:04]} 36. Bxc6
{[%clk 0:04:11]} Nxc6 {[%clk 0:02:30]} 37. Rc1 {[%clk 0:04:25]} Nd4
{[%clk 0:01:48]} 38. Rxc5 {[%clk 0:04:38]} Nxb3 {[%clk 0:01:01]} 39. Rc6+
{[%clk 0:05:05]} Kg7 {[%clk 0:01:02]} 40. Rxa6 {[%clk 0:35:31]} Nd4
{[%clk 0:30:43]} 41. Rb1 {[%clk 0:28:26]} Ra8 {[%clk 0:28:29]} 42. Rd6
{[%clk 0:24:27]} Ne2+ {[%clk 0:26:42]} 43. Kh2 {[%clk 0:22:04]} Rxa3
{[%clk 0:24:22]} 44. Rxb5 {[%clk 0:22:30]} Ra7 {[%clk 0:23:29]} 45. Rc5
{[%clk 0:20:57]} 1/2-1/2

[Event "Moscow Open 2016 B"]
[Site "?"]
[Date "2016.02.04"]
[Round "6.21"]
[White "Galojan, Lilit"]
[Black "Mirzoeva, Elmira"]
[Result "1-0"]
[BlackElo "2361"]
[WhiteElo "2295"]
[LiveChessVersion "1.4.7"]

1. c4 {[%clk 1:29:34]} c5 {[%clk 1:30:50]} 2. Nf3 {[%clk 1:29:00]} g6
{[%clk 1:31:07]} 3. d4 {[%clk 1:28:33]} cxd4 {[%clk 1:31:16]} 4. Nxd4
{[%clk 1:28:54]} Bg7 {[%clk 1:31:31]} 5. e4 {[%clk 1:29:17]} Nc6 {[%clk 1:31:24]}
6. Be3 {[%clk 1:29:21]} Nf6 {[%clk 1:31:28]} 7. Nc3 {[%clk 1:29:43]} O-O
{[%clk 1:30:54]} 8. Be2 {[%clk 1:29:51]} d6 {[%clk 1:30:50]} 9. O-O
{[%clk 1:28:07]} Bd7 {[%clk 1:29:11]} 10. Rc1 {[%clk 1:19:54]} Nxd4
{[%clk 1:24:50]} 11. Bxd4 {[%clk 1:20:05]} Bc6 {[%clk 1:24:59]} 12. f3
{[%clk 1:07:43]} a5 {[%clk 1:12:51]} 13. b3 {[%clk 1:04:07]} Nd7 {[%clk 1:06:34]}
14. Bxg7 {[%clk 1:00:13]} Kxg7 {[%clk 1:06:52]} 15. Qd4+ {[%clk 1:00:41]} Kg8
{[%clk 1:06:39]} 16. f4 {[%clk 0:59:23]} Qb6 {[%clk 0:55:42]} 17. Qxb6
{[%clk 0:59:33]} Nxb6 {[%clk 0:53:56]} 18. Kf2 {[%clk 0:53:13]} Nd7
{[%clk 0:48:11]} 19. Ke3 {[%clk 0:39:58]} Nc5 {[%clk 0:46:32]} 20. g3
{[%clk 0:38:05]} Kg7 {[%clk 0:34:17]} 21. Bd3 {[%clk 0:28:37]} h5
{[%clk 0:29:52]} 22. Rf2 {[%clk 0:25:26]} h4 {[%clk 0:26:32]} 23. g4
{[%clk 0:25:30]} f6 {[%clk 0:20:13]} 24. f5 {[%clk 0:18:02]} g5 {[%clk 0:11:02]}
25. Nd5 {[%clk 0:08:57]} e6 {[%clk 0:05:08]} 26. Nc7 {[%clk 0:08:13]} exf5
{[%clk 0:04:40]} 27. Nxa8 {[%clk 0:05:11]} f4+ {[%clk 0:05:02]} 28. Kd4
{[%clk 0:05:05]} Rxa8 {[%clk 0:05:24]} 29. h3 {[%clk 0:05:13]} Re8
{[%clk 0:04:15]} 30. Re1 {[%clk 0:05:34]} Re5 {[%clk 0:03:45]} 31. Rfe2
{[%clk 0:01:22]} Re8 {[%clk 0:02:11]} 32. Bc2 {[%clk 0:01:30]} Nd7
{[%clk 0:01:50]} 33. Rf2 {[%clk 0:01:16]} Ne5 {[%clk 0:01:22]} 34. a3
{[%clk 0:01:16]} b6 {[%clk 0:01:24]} 35. Kc3 {[%clk 0:01:00]} Kf7
{[%clk 0:01:15]} 36. b4 {[%clk 0:00:39]} axb4+ {[%clk 0:01:31]} 37. axb4
{[%clk 0:01:08]} Ra8 {[%clk 0:01:58]} 38. Bb3 {[%clk 0:01:25]} Ke7
{[%clk 0:01:59]} 39. Ra2 {[%clk 0:00:44]} Rxa2 {[%clk 0:01:40]} 40. Bxa2
{[%clk 0:31:13]} Nf3 {[%clk 0:32:05]} 41. Rf1 {[%clk 0:30:23]} Bxe4
{[%clk 0:31:16]} 42. Bb1 {[%clk 0:25:44]} d5 {[%clk 0:13:38]} 43. cxd5
{[%clk 0:23:52]} Bxd5 {[%clk 0:13:18]} 44. Bd3 {[%clk 0:18:21]} Ne5
{[%clk 0:12:05]} 45. Rf2 {[%clk 0:15:31]} Kd6 {[%clk 0:09:32]} 46. Bf1
{[%clk 0:13:18]} Ke6 {[%clk 0:08:20]} 47. Ba6 {[%clk 0:10:05]} Kd6
{[%clk 0:07:45]} 48. Bf1 {[%clk 0:10:18]} f3 {[%clk 0:03:59]} 49. Rd2
{[%clk 0:08:06]} Ke6 {[%clk 0:04:22]} 50. Kd4 {[%clk 0:02:37]} Ng6
{[%clk 0:04:10]} 51. Rc2 {[%clk 0:02:15]} Ne7 {[%clk 0:01:44]} 52. Ke3
{[%clk 0:00:38]} f5 {[%clk 0:01:55]} 53. gxf5+ {[%clk 0:00:50]} Nxf5+
{[%clk 0:02:13]} 54. Kf2 {[%clk 0:01:14]} Ng3 {[%clk 0:00:50]} 55. Rc8
{[%clk 0:00:33]} Ke5 {[%clk 0:00:40]} 56. Bb5 {[%clk 0:00:34]} Kf4
{[%clk 0:00:39]} 57. Rf8+ {[%clk 0:00:53]} Ke5 {[%clk 0:00:43]} 58. Bd3
{[%clk 0:00:38]} Kd4 {[%clk 0:00:41]} 59. Rd8 {[%clk 0:00:33]} Nh5
{[%clk 0:00:41]} 60. Bf5 {[%clk 0:00:37]} Ke5 {[%clk 0:01:01]} 61. Bg4
{[%clk 0:00:46]} Nf6 {[%clk 0:00:47]} 62. Bxf3 {[%clk 0:00:51]} Bxf3
{[%clk 0:01:06]} 63. Kxf3 {[%clk 0:01:18]} Kf5 {[%clk 0:01:10]} 64. Rf8
{[%clk 0:01:31]} Ke5 {[%clk 0:00:57]} 65. Rb8 {[%clk 0:01:36]} Nd5
{[%clk 0:00:48]} 66. b5 {[%clk 0:01:19]} Kf5 {[%clk 0:00:57]} 67. Rf8+
{[%clk 0:01:31]} Nf6 {[%clk 0:01:10]} 68. Rf7 {[%clk 0:01:09]} Ke5
{[%clk 0:00:38]} 69. Rb7 {[%clk 0:01:22]} Nd5 {[%clk 0:00:38]} 70. Kg4
{[%clk 0:01:07]} Kf6 {[%clk 0:01:03]} 71. Rd7 {[%clk 0:00:43]} Ne3+
{[%clk 0:01:31]} 72. Kf3 {[%clk 0:00:49]} Nc4 {[%clk 0:01:21]} 73. Rc7
{[%clk 0:00:36]} Ne5+ {[%clk 0:01:30]} 74. Ke4 {[%clk 0:00:57]} Ke6
{[%clk 0:01:45]} 75. Rg7 {[%clk 0:00:59]} Kf6 {[%clk 0:01:33]} 76. Rxg5
{[%clk 0:01:20]} Kxg5 {[%clk 0:01:48]} 77. Kxe5 {[%clk 0:01:46]} Kh6
{[%clk 0:01:55]} 78. Kf6 {[%clk 0:02:09]} Kh5 {[%clk 0:01:53]} 79. Kf5
{[%clk 0:02:38]} Kh6 {[%clk 0:02:19]} 80. Kg4 {[%clk 0:03:05]} Kg6
{[%clk 0:02:46]} 81. Kxh4 {[%clk 0:03:31]} Kf5 {[%clk 0:02:36]} 82. Kg3
{[%clk 0:03:54]} Ke5 {[%clk 0:02:38]} 83. h4 {[%clk 0:04:19]} Kf5
{[%clk 0:02:52]} 84. Kf3 {[%clk 0:04:42]} Ke5 {[%clk 0:03:10]} 85. Ke3
{[%clk 0:05:01]} Kd5 {[%clk 0:03:23]} 86. h5 {[%clk 0:05:27]} Ke5
{[%clk 0:03:38]} 87. h6 {[%clk 0:05:53]} 1-0